5HLuxD.jpg

KING HENRY VIII SENIOR AND PRIMARY SCHOOL LIBRARY OPAC

Esio trot / (Record no. 4708)

000 -LEADER
fixed length control field 00542cam a2200169 4500
008 - FIXED-LENGTH DATA ELEMENTS--GENERAL INFORMATION
fixed length control field 221003r20161990enka j 000 1 eng
020 ## - INTERNATIONAL STANDARD BOOK NUMBER
International Standard Book Number 9780141371399 :
Terms of availability NT$360
Qualifying information (pbk.) :
020 ## - INTERNATIONAL STANDARD BOOK NUMBER
International Standard Book Number 9780241377291
Qualifying information (set)
050 00 - LIBRARY OF CONGRESS CALL NUMBER
Classification number PZ7.D1515
Item number Es 1992
082 0# - DEWEY DECIMAL CLASSIFICATION NUMBER
Classification number FIC DAH
Item number D131
100 1# - MAIN ENTRY--PERSONAL NAME
Personal name Dahl, Roald,
Relator term aut.
245 10 - TITLE STATEMENT
Title Esio trot /
Statement of responsibility, etc. Roald Dahl ; illustrated by Quentin Blake.
260 ## - PUBLICATION, DISTRIBUTION, ETC.
Place of publication, distribution, etc. [London] :
Name of publisher, distributor, etc. Puffin Books,
Date of publication, distribution, etc. 2016, c1990.
300 ## - PHYSICAL DESCRIPTION
Extent [57] p. :
Other physical details ill. ;
Dimensions 20 cm.
500 ## - GENERAL NOTE
General note Originally published: Jonathan Cape, 1990.
942 ## - ADDED ENTRY ELEMENTS (KOHA)
Source of classification or shelving scheme
Holdings
Withdrawn status Lost status Source of classification or shelving scheme Damaged status Not for loan Collection code Permanent Location Current Location Shelving location Date acquired Total Checkouts Full call number Barcode Date last seen Date last checked out Price effective from Koha item type Public note
          Fiction KH8 Primary School Library KH8 Primary School Library Fiction 2025-03-10 7 FIC DAH D131 KHPL000006504 2025-12-05 2025-11-24 2025-03-10 Books - Fiction KH8 PRIMARY LIBRARY
          Fiction KH8 Senior School Library KH8 Senior School Library Easy Reading 2025-09-04   FIC DAH 3KHSL000102361 2025-09-04   2025-09-04 Easy Reading  

Powered By KH8 IT Dept